• 首页
  • 本馆介绍
  • 公告通知
  • 最新文献
  • 馆藏检索
  • 电子资源
  • 读者导购
  • 参考咨询
  • 我的图书馆
  • 登录
  • 详细信息显示
  • 放入我的书架
  • 预约/预借图书
  • 作者相关作品
  • 分类相关作品
  • 丛书相关作品
  • 出版社相关作品

书目信息

  • 表格格式
  • 工作单格式
  • 卡片格式
题名:
艺用人体结构
    
 
作者: 扎林斯 , 康德拉兹 著 ;黄朝贵 译
分册:  
出版信息: 北京   电子工业出版社  2018
页数: xiii, 224页
开本: 26x26cm
丛书名:
单 册:
中图分类: J064
科图分类:
主题词: 艺用人体解剖学--高等学校--教材
电子资源:
ISBN: 978-7-121-35246-1
000 01450nam0 2200289 45
001 012001001154
005 20130910160025.0
010    @a978-7-121-35246-1@b精装@dCNY198.00
099    @aCAL 012019033286
100    @a20190326d20192018em y0chiy0110 ea
101 1  @achi@ceng
102    @aCN@b110000
105    @aak z 000yy
106    @ar
200 1  @a艺用人体结构@Ayi yong ren ti jie gou@d= Anatomy for sculptors@f(拉脱) 乌迪斯·扎林斯, 桑迪斯·康德拉兹著@g黄朝贵译@zeng
210    @a北京@c电子工业出版社@d2018@h2019.1
215    @axiii, 224页@c图 (部分彩图)@d26x26cm
306    @a本书中文简体版专有出版权由Exonicus, LLC.经The Yao Enterprises, LLC.授予电子工业出版社
330    @a在常规的雕塑学习过程中, 通常强调实践, 而不是如何建立形体。本书作者在实践中发现前期的形体构建非常重要, 每次他在制作新的雕塑之前, 都要做好充分的准备, 不仅仅是布置好骨架和边缘, 还要在纸上画一个小草图, 以简单易懂的方式来分析形体。他所画的草稿涵盖有关形体解析的内容, 以及大量解剖学知识, 不仅仅是雕塑家, 而是一个艺术家需要掌握的必备专业知识。作者把二十多年的学习研究成果汇集成书, 希望能更更多的艺术家、绘画爱好者提供帮助。
500 10 @aAnatomy for sculptors@mChinese
606 0  @a艺用人体解剖学@x高等学校@j教材
690    @aJ064@v5
701  1 @a扎林斯@Azha lin si@g(Zarins, Uldis)@4著
701  1 @a康德拉兹@Akang de la zi@g(Kondrats, Sandis)@4著
702  0 @a黄朝贵@AHuang Chaogui@4译
801    @aCN@b江苏凤凰@c20211018
905    @b1342401-3@dJ064@e581@f3
    
    艺用人体结构= Anatomy for sculptors/(拉脱) 乌迪斯·扎林斯, 桑迪斯·康德拉兹著/黄朝贵译.-北京:电子工业出版社,2018(2019.1)
    xiii, 224页:图 (部分彩图);26x26cm
    
    
    ISBN 978-7-121-35246-1(精装):CNY198.00
    在常规的雕塑学习过程中, 通常强调实践, 而不是如何建立形体。本书作者在实践中发现前期的形体构建非常重要, 每次他在制作新的雕塑之前, 都要做好充分的准备, 不仅仅是布置好骨架和边缘, 还要在纸上画一个小草图, 以简单易懂的方式来分析形体。他所画的草稿涵盖有关形体解析的内容, 以及大量解剖学知识, 不仅仅是雕塑家, 而是一个艺术家需要掌握的必备专业知识。作者把二十多年的学习研究成果汇集成书, 希望能更更多的艺术家、绘画爱好者提供帮助。
●
相关链接 在E读中查询图书 在五车中查询图书 在当当中查询图书 在豆瓣中查询图书


正题名:艺用人体结构     索取号:J064/581         预约/预借

序号 登录号 条形码 馆藏地/架位号 状态 备注
1 1342401   213424016   第一样本阅览室/ [索取号:J064/581] 在馆    
2 1342402   213424025   第一借阅区/ [索取号:J064/581] 在馆    
3 1342403   213424034   第一借阅区/ [索取号:J064/581] 在馆    
唐山师范学院图书馆 欢迎您!
大连网信软件有限公司© 版权所有